00659nam a22001577a 450000500170000000800390001702000150005605000220007110000280009324500620012125000110018326002080019430000280040250400290043065000420045920150507095839.0150507b mx||||| |||| 00| 0 spa d a970189702104aPN2314 bP37 20031 aPartida Tayzan, Armando10aEscena mexicana de los noventa / cArmando Partida Tayzan a1a ed. aMéxico : bCONACULTA : Fondo Nacional para la Cultura y las Artes : Instituto Nacional de Bellas Artes, Centro Nacional de Investigación Documentación e Información Teatral Rodolfo Usigli,c2003 a93 p. :bil. ; c21 cm. aIncluye bibliografías  4aTeatro zMéxicoxHistoriaySiglo XX